Rzeczowniki z Ą na drugim miejscu - Statystyki

Ogólne statystyki
  • Ten quiz został rozwiązany 27 razy
  • Średni wynik to 11 z 25
Statystyki odpowiedzi
Odpowiedź % Poprawnych
bąk
90%
mąka
90%
pąk
81%
ząb
76%
ląd
71%
sąd
71%
dąb
67%
pączek
67%
wąs
67%
kąt
62%
wąż
57%
mąż
48%
jądro
38%
kąpiel
33%
łąka
33%
mądrość
33%
kąsek
24%
żądło
24%
cążki
19%
kątomierz
19%
wątek
14%
wąwóz
14%
kąpielówki
10%
wątroba
10%
lądolód
0%
Nie znaleziono quizów pasujących do podanych kryteriów
Rozkład punktacji
Procent ludzi z każdym wynikiem
Percentyl według liczby udzielonych odpowiedzi
Twoja historia wyników
Nie rozwiązałeś tego quizu